| 000 | 00750nam a2200229Ia 4500 | ||
|---|---|---|---|
| 003 | GCL | ||
| 008 | 140319s9999 xx 000 0 ara d | ||
| 040 |
_aGCL / _cGCL |
||
| 082 | 0 | 4 |
_a615.8 _bح ا |
| 100 | 1 | _aحياة عياد روفائيل | |
| 245 | 1 | 0 |
_aاصابات الملاعب: وقاية ـ اسعاف ـ علاج طبيعى / _cحياة عياد روفائيل |
| 260 |
_a[S.N] : _bمكتبه النهضه المصريه ، _c1986 |
||
| 490 | _a | ||
| 650 | 0 | 4 | _aالرياضة البدنية |
| 650 | 0 | 4 | _aالعلاج |
| 650 | 0 | 4 | _aاصابات الملاعب |
| 650 | 0 | 4 | _aالتدليك |
| 650 | 0 | 4 | _aالعلاج الطبيعى |
| 650 | 0 | 4 | _aالطب الرياضى |
| 650 | 0 | 4 | _aجروح واصابات |
| 942 |
_2ddc _cBK |
||
| 999 |
_c58953 _d58953 |
||